Maharashtra State Quiz - Statistics

General Stats
  • This quiz has been taken 228 times
    227 since last reset
  • The average score is 17 of 26
Answer Stats
Question Answer % Correct
Summer capital and largest city Mumbai
99%
Former name of above Bombay
94%
2nd largest city, known as "Oxford of the East" Pune
92%
Main local language and demonym Marathi
88%
Indian film industry based in that city Bollywood
86%
Winter capital Nagpur
83%
Major 18th century empire based in the state (Hint: very similar to above) Maratha
78%
Sea bordering the state Arabian Sea
76%
First ruler of above Chhatrapati Shivaji Maharaj
74%
Bordering States/Union Territories Gujarat
74%
Bordering States/Union Territories Madhya Pradesh
72%
Bordering States/Union Territories Goa
70%
Bordering States/Union Territories Karnataka
69%
Bordering States/Union Territories Telangana
67%
Mountain range that is in that region Western Ghats
62%
Bordering States/Union Territories Dadra and Nagar Haveli and Daman and Diu
59%
Bordering States/Union Territories Chhattisgarh
57%
Name for the coast on that sea Konkan
56%
Cave complexes with ancient paintings and sculptures Ajanta
52%
Cave complexes with ancient paintings and sculptures Ellora
51%
Major rivers whose source is in that range Godavari
51%
Southwestern city known for Chadars (cotton bedsheets) and towels Solapur
49%
Major rivers whose source is in that range Krishna
41%
Region that includes eastern Maharashtra Vidarbha
38%
Nearby pilgrimage town Pandharpur
36%
State animal Indian Giant Squirrel
16%
No matching quizzes found
Score Distribution
Percent of People with Each Score
Percentile by Number Answered
Your Score History
You have not taken this quiz since the last reset